Interpretation of Meaning in Spoken and Written Discourse : fourth Brno conference on Linguistics studies in English : Brno, 16-17 September 2010 : book of abstracts /

Korporativní autor: Masarykova univerzita. Pedagogická fakulta
Další autoři: Interpretation of Meaning in Spoken and Written Discourse, Vogel, Radek, 1971-
Jazyk: Angličtina
Vydáno: Brno : Masaryk University, 2010
Vydání: 1st ed.
Témata:
Fyzický popis: 42 s. ; 21 cm
Knihy
Uloženo v:
LEADER 02202nam a2200565 a 4500
001 nkc20102147746
003 CZ PrNK
005 20121217101453.0
007 ta
008 101116s2010 xr f 100 0 eng
015 |a cnb002147746 
020 |a 978-80-210-5264-2  |q (brož.) 
035 |a (OCoLC)697267127 
040 |a ABA001  |b cze 
072 7 |a 81  |x Lingvistika. Jazyky  |2 Konspekt  |9 11 
080 |a 81'42  |2 MRF 
080 |a 801.73  |2 MRF 
080 |a 81'37  |2 MRF 
080 |a 81'2/'44  |2 MRF 
080 |a (062.534)  |2 MRF 
080 |a (048.3)  |2 MRF 
111 2 |a Interpretation of Meaning in Spoken and Written Discourse  |d (2010 :  |c Brno, Česko)  |7 kn20101126007 
245 1 0 |a Interpretation of Meaning in Spoken and Written Discourse :  |b fourth Brno conference on Linguistics studies in English : Brno, 16-17 September 2010 : book of abstracts /  |c editor Radek Vogel 
246 3 0 |a Brno conference on Linguistics studies in English 
250 |a 1st ed. 
260 |a Brno :  |b Masaryk University,  |c 2010 
300 |a 42 s. ;  |c 21 cm 
500 |a Nad názvem: Masarykova univerzita, Pedagogická fakulta 
650 0 7 |a jazykový projev  |7 ph121328  |2 czenas 
650 0 7 |a diskurzivní analýza  |7 ph503054  |2 czenas 
650 0 7 |a koherence a koheze textu  |7 ph319016  |2 czenas 
650 0 7 |a sémantika  |7 ph117272  |2 czenas 
650 0 7 |a pragmatika  |7 ph124543  |2 czenas 
650 0 9 |a discours  |2 eczenas 
650 0 9 |a discourse analysis  |2 eczenas 
650 0 9 |a text coherence and cohesion  |2 eczenas 
650 0 9 |a semantics  |2 eczenas 
650 0 9 |a pragmatics  |2 eczenas 
655 7 |a sborníky konferencí  |7 fd133333  |2 czenas 
655 7 |a abstrakta  |7 fd131780  |2 czenas 
655 9 |a proceedings of conferences  |2 eczenas 
655 9 |a abstracts  |2 eczenas 
700 1 |a Vogel, Radek,  |d 1971-  |7 mzk2003204024  |4 edt 
710 2 |a Masarykova univerzita.  |b Pedagogická fakulta  |7 kn20010709279 
910 2 |a BOA001  |b 2-1254.067 
990 |a BK 
995 |a 01 
991 |b 201012  |c NOV  |e n 
996 6 |b 2610455461  |c 2-1254.067  |l MZK  |r Sklad / do 1 hodiny  |n 0  |p p.v.  |w 001159429  |u 000010  |a 1  |e BOA001  |j MZK50  |s P 
996 7 |b 2610455462  |c 2-1254.067  |l MZK  |r Sklad / do 1 hodiny  |n 3  |p p.v.  |w 001159429  |u 000020  |a 1  |e BOA001  |j MZK50  |s A